| 000 | 00738nam a2200241 i 4500 | ||
|---|---|---|---|
| 001 | 174938 | ||
| 003 | ES-MaACL | ||
| 005 | 20250826043916.0 | ||
| 008 | 100719s2010 sp |||| | spa d | ||
| 020 | _a978-84-92612-55-0 | ||
| 080 | _a336.22(460) | ||
| 245 | 0 | 0 | _aMemento práctico fiscal 2010. |
| 246 | 3 | 8 |
_aMemento fiscal _b: 2010 |
| 250 | _aAct. a 15 de feb. 2010. | ||
| 260 |
_aMadrid : _bFrancis Lefebvre, _c2010. |
||
| 300 |
_a2152 p. ; _c24 cm. |
||
| 500 | _aÍndice. | ||
| 650 | 1 | 4 |
_aImpuestos- _zEspaña _913634 |
| 710 | 2 |
_aEdiciones Francis Lefebvre. _9158696 |
|
| 852 |
_aES-MaACL _jA-15198 _9181671 _bR.146188 _cDEPO1 _dOlim: L 336.22 "2010" mem _dOlim: Meseton |
||
| 942 | _2udc | ||
| 999 |
_c174938 _d174938 |
||